[Event "Tourn. n9004"]
[Site "www.chess-mail.com"]
[Date "2016.11.19"]
[Round "1"]
[White "Wegaman"]
[Black "Picifarkinca"]
[WhiteElo "1890"]
[BlackElo "1930"]
[Result "1-0"]
[Round "1"]
1.d4 c6
2.c4 d5
3.Nb1c3 Ng8f6
4.Ng1f3 dxc4
5.e4 b5
6.Bf1e2 e6
7.Bc1g5 Bf8e7
8.O-O O-O
9.e5 Nf6d5
10.Bg5xe7 Qd8xe7
11.Ra1c1 Nb8d7
12.Rf1e1 Nd7b6
13.Qd1d2 a5
14.a3 Rf8d8
15.Qd2c2 Nd5f4
16.Be2f1 Nb6d5
17.Nc3xd5 cxd5
18.Qc2d2 Nf4g6
19.h3 Bc8b7
20.Nf3h2 b4
21.axb4 Qe7xb4
22.Qd2c3 Bb7a6
23.g3 Rd8b8
24.Rc1b1 Ba6b5
25.Re1d1 Bb5a4
26.Rd1c1 Ba4b3
27.Qc3e3 Bb3a2
28.Rb1a1 Qb4xb2
29.Nh2g4 { resign }
1-0

[Event "Tourn. n9031"]
[Site "www.chess-mail.com"]
[Date "2016.11.19"]
[Round "1"]
[White "Tonino1"]
[Black "Picifarkinca"]
[WhiteElo "2030"]
[BlackElo "2000"]
[Result "1-0"]
[Round "1"]
1.f4 d5
2.d4 g6
3.e3 Bf8g7
4.Bf1d3 Ng8f6
5.Ng1f3 O-O
6.b3 Nb8d7
7.Bc1b2 c6
8.Nb1d2 b6
9.O-O Bc8b7
10.Ra1c1 c5
11.Nf3e5 Ra8c8
12.c4 e6
13.Qd1e2 Nf6e8
14.Rc1c2 Ne8d6
15.Ne5xd7 Qd8xd7
16.dxc5 Bg7xb2
17.Rc2xb2 Rc8xc5
18.b4 Rc5c7
19.Rf1c1 dxc4
20.Bd3b1 { resign }
1-0

[Event "Tourn. n9030"]
[Site "www.chess-mail.com"]
[Date "2016.11.19"]
[Round "1"]
[White "Picifarkinca"]
[Black "Osopanda"]
[WhiteElo "2000"]
[BlackElo "2020"]
[Result "0-1"]
[Round "1"]
1.Ng1f3 Ng8f6
2.d4 d5
3.g3 c6
4.Bf1g2 g6
5.O-O Bf8g7
6.Bc1f4 O-O
7.Bf4xb8 Ra8xb8
8.Nb1d2 b5
9.Nd2b3 a5
10.Nb3c5 Nf6e4
11.c3 b4
12.Nc5xe4 dxe4
13.Nf3e5 Qd8c7
14.Ne5c4 Bc8a6
15.Nc4e3 e5
16.Bg2xe4 bxc3
{ resign }
0-1

[Event "Tourn. n9024"]
[Site "www.chess-mail.com"]
[Date "2016.11.19"]
[Round "1"]
[White "Bigrezi"]
[Black "Picifarkinca"]
[WhiteElo "1870"]
[BlackElo "1970"]
[Result "1-0"]
[Round "1"]
1.e4 c6
2.d4 d5
3.exd5 cxd5
4.c4 dxc4
5.Bf1xc4 e6
6.Ng1f3 a6
7.Bc1e3 b5
8.Bc4d3 Bc8b7
9.Nb1d2 Ng8f6
10.O-O Nb8d7
11.a3 Bf8d6
12.Ra1c1 Ra8c8
13.Qd1e2 Nd7b6
14.Be3g5 Nb6d5
15.Rc1c2 Rc8xc2
16.Bd3xc2 h6
17.Bg5xf6 Nd5xf6
18.Rf1c1 O-O
19.Nf3e5 { resign }
1-0

[Event "Tourn. n9031"]
[Site "www.chess-mail.com"]
[Date "2016.11.19"]
[Round "1"]
[White "Osopanda"]
[Black "Picifarkinca"]
[WhiteElo "2020"]
[BlackElo "2000"]
[Result "1-0"]
[Round "1"]
1.d4 d5
2.c4 c6
3.cxd5 cxd5
4.Nb1c3 Ng8f6
5.Ng1f3 Nb8c6
6.h3 e6
7.Bc1f4 Bf8d6
8.Bf4xd6 Qd8xd6
9.e3 O-O
10.Bf1d3 e5
11.dxe5 Nc6xe5
12.Nf3xe5 Qd6xe5
13.O-O Qe5g5
14.Qd1f3 Bc8e6
15.e4 dxe4
16.Nc3xe4 { resign }
1-0

[Event "Tourn. n9041"]
[Site "www.chess-mail.com"]
[Date "2016.11.19"]
[Round "1"]
[White "Picifarkinca"]
[Black "Caspito"]
[WhiteElo "2010"]
[BlackElo "1860"]
[Result "0-1"]
[Round "1"]
1.e4 e5
2.Ng1e2 Ng8f6
3.Nb1c3 Bf8b4
4.g3 O-O
5.Bf1g2 c6
6.a3 Bb4a5
7.b4 Ba5b6
8.d4 d6
9.dxe5 dxe5
10.O-O Bc8g4
11.Bc1g5 Nb8d7
12.Qd1d2 Qd8c7
13.a4 a6
14.Ra1d1 Bb6a7
15.Bg5e3 b5
16.axb5 axb5
17.f3 Bg4h5
18.Qd2d6 Ba7xe3
19.Kh1 Qc7xd6
20.Rd1xd6 Rf8c8
21.Bg2h3 Rc8c7
{ resign }
0-1

[Event "Tourn. n9031"]
[Site "www.chess-mail.com"]
[Date "2016.11.19"]
[Round "1"]
[White "Picifarkinca"]
[Black "Francesco"]
[WhiteElo "2000"]
[BlackElo "1920"]
[Result "0-1"]
[Round "1"]
1.d4 Ng8f6
2.g3 d5
3.Bf1g2 Bc8g4
4.h3 Bg4h5
5.g4 Bh5g6
6.f4 Bg6e4
7.Ng1f3 e6
8.c3 c5
9.Nb1d2 Be4xf3
10.Nd2xf3 Nb8c6
11.Bc1e3 cxd4
12.Be3xd4 Bf8e7
13.Qd1a4 Qd8a5
14.Qa4xa5 Nc6xa5
15.Nf3e5 Nf6d7
16.O-O Nd7xe5
17.Bd4xe5 f6
18.Be5d4 Na5c4
19.b3 Nc4a3
20.Ra1c1 Na3b5
{ resign }
0-1

[Event "Tourn. n9041"]
[Site "www.chess-mail.com"]
[Date "2016.11.19"]
[Round "1"]
[White "Falcoale"]
[Black "Picifarkinca"]
[WhiteElo "1860"]
[BlackElo "2030"]
[Result "1-0"]
[Round "1"]
1.e4 c5
2.Ng1f3 Nb8c6
3.b3 e6
4.Bc1b2 a6
5.d4 cxd4
6.Nf3xd4 d6
7.c3 Ng8f6
8.Bf1d3 Bf8e7
9.O-O Bc8d7
10.Nb1d2 O-O
11.Nd4c2 b5
12.Nc2d4 Ra8c8
13.f4 Qd8b6
14.Kh1 e5
15.Nd4xc6 { resign }
1-0

[Event "Tourn. n9048"]
[Site "www.chess-mail.com"]
[Date "2016.11.19"]
[Round "1"]
[White "Picifarkinca"]
[Black "Francesco"]
[WhiteElo "2010"]
[BlackElo "1920"]
[Result "0-1"]
[Round "1"]
1.e4 c6
2.b3 d5
3.e5 Bc8f5
4.d4 e6
5.Bf1d3 Bf5xd3
6.Qd1xd3 Nb8d7
7.c4 Bf8b4
8.Nb1c3 Ng8e7
9.Bc1g5 h6
10.Bg5h4 O-O
{ resign }
0-1

[Event "Tourn. n9030"]
[Site "www.chess-mail.com"]
[Date "2016.11.19"]
[Round "1"]
[White "Attatroll"]
[Black "Picifarkinca"]
[WhiteElo "1950"]
[BlackElo "2000"]
[Result "1-0"]
[Round "1"]
1.b3 b6
2.Bc1b2 Bc8b7
3.f3 Ng8f6
4.e4 d6
5.Nb1c3 e5
6.Bf1e2 Nb8d7
7.Ng1h3 g6
8.O-O Bf8g7
9.Nc3b5 a6
10.Nb5a3 O-O
11.Nh3g5 h6
12.Ng5h3 Nf6e8
13.Na3c4 d5
14.exd5 Bb7xd5
15.Rf1e1 b5
16.Nc4e3 Bd5b7
17.d4 exd4
18.Bb2xd4 Bg7xd4
19.Qd1xd4 Qd8e7
20.Be2d3 Qe7d6
21.Qd4xd6 Ne8xd6
22.Ne3g4 Kg7
23.Nh3f4 Ra8e8
24.Kf2 h5
25.Ng4e3 Nd7e5
26.Ne3d5 Ne5xd3
27.cxd3 Bb7xd5
28.Nf4xd5 Re8xe1
29.Ra1xe1 { resign }
1-0

[Event "Tourn. n9004"]
[Site "www.chess-mail.com"]
[Date "2016.11.19"]
[Round "1"]
[White "Picifarkinca"]
[Black "Julian"]
[WhiteElo "1910"]
[BlackElo "1990"]
[Result "0-1"]
[Round "1"]
1.Ng1f3 c5
2.b3 d5
3.Bc1b2 Nb8c6
4.g3 d4
5.d3 e5
6.Nb1d2 f5
7.e4 Ng8f6
8.Bf1g2 Bf8e7
9.a3 O-O
10.O-O fxe4
11.dxe4 Bc8g4
12.Qd1e1 b5
13.h3 Bg4h5
14.Nf3g5 Qd8d7
15.f4 exf4
16.e5 Nf6d5
17.Ng5e4 fxg3
18.Qe1xg3 Rf8xf1
19.Ra1xf1 Nd5e3
20.Rf1f6 Ne3f5
21.Qg3g5 Bh5g6
22.Rf6xg6 Be7xg5
23.Rg6xg5 Kf8
24.Ne4xc5 Qd7c8
25.e6 Nc6e7
26.Nc5d7 Kg8
27.Nd2e4 Qc8xc2
28.Ne4g3 Nf5xg3
29.Rg5xg3 Qc2xb2
30.Bg2xa8 d3
31.Rg3f3 Qb2c1
32.Kh2 Qc1c7
{ resign }
0-1

[Event "Tourn. n8996"]
[Site "www.chess-mail.com"]
[Date "2016.11.19"]
[Round "1"]
[White "Osopanda"]
[Black "Fabos12"]
[WhiteElo "2050"]
[BlackElo "2110"]
[Result "1-0"]
[Round "1"]
1.Ng1f3 d5
2.d4 Ng8f6
3.e3 g6
4.Bf1d3 Nb8c6
5.c3 Bc8g4
6.Nb1d2 e5
7.dxe5 Nc6xe5
8.Bd3e2 Bg4xf3
9.Nd2xf3 Ne5xf3
10.Be2xf3 Bf8c5
11.O-O Qd8d7
12.b3 O-O-O
13.Bc1b2 Kb8
14.Qd1c2 Rd8e8
15.Ra1d1 Rh8f8
16.c4 c6
17.cxd5 Nf6xd5
18.Qc2xc5 b6
19.Qc5a3 Qd7e6
20.h3 f5
21.Rd1d2 Nd5c7
22.Rd2d6 Qe6f7
{ time. }
1-0

[Event "Tourn. n9048"]
[Site "www.chess-mail.com"]
[Date "2016.11.19"]
[Round "1"]
[White "Attatroll"]
[Black "Picifarkinca"]
[WhiteElo "1930"]
[BlackElo "2010"]
[Result "1-0"]
[Round "1"]
1.e4 e5
2.f4 Bf8c5
3.Ng1f3 Nb8c6
4.Bf1c4 d6
5.fxe5 dxe5
6.d3 Ng8f6
7.Nb1c3 Nf6g4
8.Rh1f1 O-O
9.h3 Ng4e3
10.Bc1xe3 Bc5xe3
11.Nc3d5 Be3h6
12.c3 Bc8e6
13.Bc4b3 f6
14.Nf3h4 { resign }
1-0

[Event "Tourn. n9019"]
[Site "www.chess-mail.com"]
[Date "2016.11.19"]
[Round "1"]
[White "Picifarkinca"]
[Black "Julian"]
[WhiteElo "1950"]
[BlackElo "2020"]
[Result "0-1"]
[Round "1"]
1.Ng1f3 d5
2.g3 Ng8f6
3.Bf1g2 c6
4.b3 g6
5.Bc1b2 Bf8g7
6.d3 O-O
7.Nb1d2 Nb8d7
8.O-O Rf8e8
9.e4 dxe4
10.dxe4 e5
11.Nd2c4 Nf6xe4
12.Rf1e1 f5
13.Nc4xe5 Nd7xe5
14.Nf3xe5 Bg7xe5
15.Qd1xd8 Re8xd8
16.Bb2xe5 Rd8d2
17.Bg2xe4 fxe4
18.Re1xe4 Bc8f5
19.Re4c4 Bf5xc2
20.Rc4d4 Rd2xd4
21.Be5xd4 a5
22.Ra1e1 a4
23.b4 b5
24.a3 Kf7
25.Bd4c5 Ra8e8
26.Re1xe8 Kxe8
27.Kf1 Kd7
{ resign }
0-1

[Event "Tourn. n8935"]
[Site "www.chess-mail.com"]
[Date "2016.11.19"]
[Round "1"]
[White "Pimpampum"]
[Black "Pwain"]
[WhiteElo "2240"]
[BlackElo "2340"]
[Result "0-1"]
[Round "1"]
1.e4 e5
2.Ng1f3 Nb8c6
3.Bf1b5 Ng8f6
4.d3 d6
5.h3 Bf8e7
6.O-O O-O
7.Rf1e1 Bc8d7
8.Nb1d2 a6
9.Bb5a4 h6
10.Nd2f1 b5
11.Ba4b3 Nc6a5
12.Nf1e3 c5
13.c3 Na5xb3
14.axb3 a5
15.Bc1d2 Qd8b6
16.Qd1c2 Rf8c8
17.Nf3h2 a4
18.Nh2g4 Ra8a7
19.Ng4xf6 Be7xf6
20.Ne3d5 Qb6d8
21.bxa4 bxa4
22.Ra1a2 Rc8a8
23.Re1a1 Bf6g5
24.f4 exf4
25.Bd2xf4 Bg5xf4
26.Nd5xf4 Qd8b6
27.Nf4d5 Qb6b7
28.Kh1 Bd7c6
29.Nd5e3 Qb7e7
30.Ne3c4 Ra7b7
31.Qc2f2 Bc6b5
32.Nc4e3 Bb5xd3
33.Ra2xa4 Ra8xa4
34.Ra1xa4 Bd3xe4
35.Ne3f5 Be4xf5
36.Qf2xf5 Qe7e1
37.Kh2 Qe1e5
38.Qf5xe5 dxe5
39.Ra4a5 Rb7xb2
40.Ra5xc5 f6
41.Rc5c7 e4
42.Kg3 g5
43.c4 f5
44.h4 f4
45.Kh3 Kf8
46.hxg5 hxg5
47.Rc7c5 e3
48.Rc5xg5 e2
49.Rg5e5 Rb2b3
{ resign }
0-1

[Event "Tourn. n9058"]
[Site "www.chess-mail.com"]
[Date "2016.11.19"]
[Round "1"]
[White "Roohbakhsh"]
[Black "Picifarkinca"]
[WhiteElo "2040"]
[BlackElo "1990"]
[Result "1-0"]
[Round "1"]
1.e4 c6
2.d4 d5
3.Nb1d2 dxe4
4.Nd2xe4 Nb8d7
5.Bf1c4 e6
6.Ng1f3 Ng8f6
7.Bc1g5 Bf8e7
8.Ne4xf6 { resign }
1-0

[Event "Tourn. n8971"]
[Site "www.chess-mail.com"]
[Date "2016.11.19"]
[Round "1"]
[White "Ejner"]
[Black "Tartan"]
[WhiteElo "2460"]
[BlackElo "2470"]
[Result "0-1"]
[Round "1"]
1.b3 e5
2.Bc1b2 Nb8c6
3.c4 Ng8f6
4.e3 d5
5.cxd5 Nf6xd5
6.a3 Bf8d6
7.d3 O-O
8.Ng1f3 Rf8e8
9.Bf1e2 Qd8f6
10.Nb1d2 Qf6g6
11.O-O Bc8h3
12.Nf3e1 Nd5f6
13.Nd2c4 Ra8d8
14.b4 a6
15.Kh1 Bh3f5
16.Ne1f3 Bf5g4
17.Qd1c2 e4
18.dxe4 Nf6xe4
19.Ra1c1 Bd6f8
20.Nf3h4 Ne4xf2
{ resign }
0-1

[Event "Tourn. n9048"]
[Site "www.chess-mail.com"]
[Date "2016.11.19"]
[Round "1"]
[White "Picifarkinca"]
[Black "Bojan"]
[WhiteElo "2010"]
[BlackElo "1960"]
[Result "0-1"]
[Round "1"]
1.e4 e5
2.Nb1c3 g6
3.Ng1e2 Ng8f6
4.d4 exd4
5.Ne2xd4 Bf8g7
6.Bc1g5 d6
7.Bf1e2 Nb8d7
8.Qd1d2 Nd7e5
9.O-O-O a6
10.f4 Ne5c6
11.Nd4xc6 bxc6
12.e5 Qd8d7
13.exf6 Bg7f8
14.h3 h6
15.Be2g4 Qd7d8
16.Rh1e1 Bc8e6
17.Bg4xe6 fxe6
18.f7 Kxf7
19.Bg5xd8 Ra8xd8
20.Qd2e2 Rd8e8
{ resign }
0-1

[Event "Tourn. n9008"]
[Site "www.chess-mail.com"]
[Date "2016.11.19"]
[Round "1"]
[White "Libiesse"]
[Black "Picifarkinca"]
[WhiteElo "1960"]
[BlackElo "1930"]
[Result "1-0"]
[Round "1"]
1.d4 c6
2.c4 d5
3.cxd5 cxd5
4.Ng1f3 Ng8f6
5.Nb1c3 e6
6.Bc1g5 Bf8e7
7.e3 O-O
8.Bf1d3 Nb8c6
9.a3 h6
10.Bg5h4 Nf6d7
11.Bh4xe7 Qd8xe7
12.O-O Nd7f6
13.Rf1e1 Rf8d8
14.b4 a6
15.Nc3a4 Nf6d7
16.Ra1b1 b5
17.Na4c5 e5
18.Bd3e2 e4
19.Nf3d2 Nd7xc5
20.bxc5 Qe7g5
21.Nd2f1 Bc8h3
22.Nf1g3 Bh3c8
23.Kh1 Ra8b8
24.Qd1d2 f5
25.f4 Qg5e7
26.Re1f1 Rd8f8
27.Rf1f2 Bc8e6
28.Ng3f1 g5
29.g3 Be6f7
30.fxg5 Qe7xg5
31.g4 Qg5h4
32.Qd2e1 fxg4
33.Rf2f4 Qh4xe1
34.Rb1xe1 h5
35.Nf1g3 Bf7g6
36.Re1f1 Rf8xf4
37.Rf1xf4 Rb8f8
38.Kg2 Nc6e7
39.h3 { resign }
1-0

[Event "Tourn. n9024"]
[Site "www.chess-mail.com"]
[Date "2016.11.19"]
[Round "1"]
[White "Silent1"]
[Black "Picifarkinca"]
[WhiteElo "1930"]
[BlackElo "1970"]
[Result "1-0"]
[Round "1"]
1.d4 c6
2.c4 d5
3.e3 Ng8f6
4.Nb1c3 e6
5.Bf1d3 Nb8d7
6.Ng1f3 Qd8c7
7.h3 dxc4
8.Bd3xc4 Bf8b4
9.Bc1d2 O-O
10.O-O Nd7b6
11.Bc4d3 Rf8e8
12.a3 Bb4f8
13.Nc3e4 Nf6xe4
14.Bd3xe4 Nb6d5
15.Be4xd5 exd5
16.Qd1c2 g6
17.Rf1e1 Bf8g7
18.Ra1c1 Bc8f5
19.Qc2c3 Qc7e7
20.Qc3b4 Qe7xb4
21.Bd2xb4 { resign }
1-0

[Event "Tourn. n9019"]
[Site "www.chess-mail.com"]
[Date "2016.11.19"]
[Round "1"]
[White "Picifarkinca"]
[Black "Osopanda"]
[WhiteElo "1950"]
[BlackElo "1990"]
[Result "0-1"]
[Round "1"]
1.Ng1f3 d5
2.g3 Ng8f6
3.Bf1g2 c6
4.b3 g6
5.Bc1b2 Bf8g7
6.O-O O-O
7.d3 Nb8d7
8.Nb1d2 Rf8e8
9.Nf3e5 Nd7xe5
10.Bb2xe5 h6
11.c4 Kh7
12.c5 Bc8e6
13.Qd1c2 Re8g8
14.Qc2c3 Qd8d7
15.d4 Nf6e4
16.Nd2xe4 dxe4
17.Be5xg7 Rg8xg7
18.Bg2xe4 Be6h3
19.Rf1d1 Ra8d8
20.Be4g2 Bh3g4
{ resign }
0-1

[Event "Tourn. n9008"]
[Site "www.chess-mail.com"]
[Date "2016.11.19"]
[Round "1"]
[White "Jackbauer"]
[Black "Picifarkinca"]
[WhiteElo "1940"]
[BlackElo "1930"]
[Result "1-0"]
[Round "1"]
1.d4 c6
2.Bc1f4 d6
3.Nb1c3 Nb8d7
4.Ng1f3 g6
5.e4 Bf8g7
6.Bf1c4 Ng8f6
7.O-O O-O
8.Rf1e1 Nd7b6
9.Bc4b3 e6
10.a3 d5
11.e5 Nf6d7
12.Bf4g5 f6
13.Bg5e3 Qd8c7
14.Nc3b5 cxb5
15.Qd1d3 Nb6c4
16.Be3c1 fxe5
17.Nf3g5 Nd7f6
18.f3 h6
19.Ng5h3 Nc4d6
20.dxe5 Nd6e4
21.fxe4 Nf6xe4
22.Re1xe4 dxe4
23.Qd3xe4 Kh7
24.Nh3f4 Qc7xe5
25.Qe4xg6 Kh8
26.Qg6g3 Kh7
27.c3 Bc8d7
28.Bc1d2 Qe5c5
29.Bd2e3 Qc5f5
30.Ra1f1 e5
31.h3 exf4
32.Be3xf4 { resign }
1-0

[Event "Match"]
[Site "www.echecsemail.com"]
[Date "2016.11.19"]
[Round "1"]
[White "Witpar"]
[Black "Liencam2"]
[WhiteElo "2660"]
[BlackElo "2350"]
[Result "1-0"]
[Round "1"]
1.d4 Ng8f6
2.c4 g6
3.Nb1c3 Bf8g7
4.e4 d6
5.f3 O-O
6.Bc1e3 e5
7.Ng1e2 Nb8c6
8.Qd1d2 exd4
9.Ne2xd4 a6
10.Bf1e2 Nc6e5
11.O-O c5
12.Nd4c2 Bc8e6
13.b3 Qd8c7
14.Ra1d1 Rf8d8
15.f4 Ne5g4
16.f5 Ng4xe3
17.Nc2xe3 Be6c8
18.e5 Nf6e8
19.fxg6 hxg6
20.Ne3d5 Qc7a5
21.Nd5e7 Kh7
22.Qd2g5 Bc8e6
23.Rf1f4 { resign }
1-0

[Event "Match"]
[Site "www.echecsemail.com"]
[Date "2016.11.19"]
[Round "1"]
[White "Bojan"]
[Black "Mitja"]
[WhiteElo "1980"]
[BlackElo "1950"]
[Result "1-0"]
[Round "1"]
1.e4 d5
2.e5 e6
3.d4 h6
4.a3 c6
5.b4 b5
6.Bc1d2 Ng8e7
7.a4 Qd8b6
8.Bd2e3 bxa4
9.Ra1xa4 Ne7f5
10.Qd1d3 Bf8xb4
11.c3 Nf5xe3
12.Qd3xe3 Bb4e7
13.Nb1d2 Qb6b2
14.Bf1e2 a5
15.Be2d1 Be7g5
16.Qe3d3 Bc8a6
17.Qd3c2 Qb2b5
18.Ng1f3 Bg5xd2
19.Qc2xd2 Nb8d7
20.Ra4a2 Ra8b8
21.Ra2a1 O-O
22.Bd1a4 Qb5b6
23.Qd2c2 Rf8c8
24.Nf3d2 Nd7f8
25.Nd2b3 Ba6c4
26.Nb3c5 Rc8c7
27.Kd2 Rc7a7
28.Rh1b1 Qb6c7
29.Rb1xb8 Qc7xb8
30.Ba4xc6 Qb8c7
31.Bc6a4 Ra7a8
32.Ra1b1 Ra8b8
33.f4 Nf8g6
34.g3 Ng6e7
35.g4 Ne7c8
36.f5 Rb8xb1
37.Qc2xb1 Nc8b6
38.Ba4c2 Nb6d7
39.Nc5a4 Qc7a7
40.fxe6 fxe6
41.h4 Qa7a6
42.Na4b2 Nd7b6
43.Qb1d1 Bc4b5
44.g5 hxg5
45.hxg5 Nb6c4
46.Nb2xc4 Bb5xc4
47.g6 Bc4f1
48.Qd1h5 Kf8
49.Qh5h8 Ke7
50.Qh8xg7 Kd8
51.Qg7f8 Kc7
52.Qf8d6 { resign }
1-0

[Event "1/64 Finale"]
[Site "www.chess-mail.com"]
[Date "2016.11.19"]
[Round "1"]
[White "Norlavuaram"]
[Black "Picifarkinca"]
[WhiteElo "2230"]
[BlackElo "2010"]
[Result "1-0"]
[Round "1"]
1.e4 c6
2.d4 d5
3.Nb1d2 dxe4
4.Nd2xe4 Nb8d7
5.Ng1f3 Ng8f6
6.Bf1d3 Nf6xe4
7.Bd3xe4 Nd7f6
8.Be4d3 e6
9.c3 Bf8e7
10.O-O O-O
11.Nf3e5 h6
12.f4 Nf6d5
13.Qd1h5 Nd5f6
14.Qh5h3 Qd8d5
15.Bc1e3 b5
16.g4 Nf6e4
17.Qh3g2 f5
18.gxf5 exf5
19.c4 Qd5e6
20.cxb5 cxb5
21.Bd3xb5 Bc8a6
22.Bb5xa6 Qe6xa6
23.a3 { resign }
1-0

[Event "Fast Game"]
[Site "www.echecsemail.com"]
[Date "2016.11.19"]
[Round "1"]
[White "Madz123456"]
[Black "Attatroll"]
[WhiteElo "1839"]
[BlackElo "1880"]
[Result "0-1"]
[Round "1"]
1.e4 d6
2.d4 Ng8f6
3.Nb1c3 g6
4.f4 Bf8g7
5.Bf1d3 O-O
6.Ng1f3 c6
7.e5 dxe5
8.dxe5 Nf6d5
9.Nc3xd5 Qd8xd5
10.Qd1e2 Bc8g4
11.O-O Nb8d7
12.Bc1e3 Nd7b6
13.h3 Bg4xf3
14.Rf1xf3 Ra8d8
15.Be3f2 Bg7h6
16.Qe2e1 Nb6a4
17.Qe1b4 Na4b6
18.Qb4xe7 Rd8d7
19.Qe7b4 Rf8d8
20.a4 { time. }
0-1

[Event "Tourn. n9069"]
[Site "www.chess-mail.com"]
[Date "2016.11.20"]
[Round "1"]
[White "Norlavuaram"]
[Black "Guidom"]
[WhiteElo "2250"]
[BlackElo "2150"]
[Result "1-0"]
[Round "1"]
1.e4 e5
2.Ng1f3 Nb8c6
3.Bf1b5 a6
4.Bb5a4 Ng8f6
5.O-O d6
6.Rf1e1 Bc8d7
7.c3 Bf8e7
8.d4 exd4
9.cxd4 O-O
10.a3 b5
11.Ba4b3 Bd7g4
12.Nb1c3 Qd8d7
13.Bc1e3 Ra8d8
14.Ra1c1 Nc6a5
15.Bb3a2 c5
16.dxc5 dxc5
17.Qd1xd7 Rd8xd7
18.Nf3e5 Rd7c7
19.h3 Bg4h5
20.Nc3d5 Nf6xd5
21.Ba2xd5 Be7f6
22.Be3f4 Bf6xe5
23.Bf4xe5 Rc7c8
24.Be5d6 Rf8e8
25.Bd6xc5 Bh5g6
26.f3 h5
27.b4 Na5c6
28.Rc1d1 Nc6e5
29.Bd5b7 { resign }
1-0

[Event "Tourn. n9046"]
[Site "www.chess-mail.com"]
[Date "2016.11.20"]
[Round "1"]
[White "Taxrama"]
[Black "Jaroslavpech"]
[WhiteElo "1800"]
[BlackElo "1950"]
[Result "1-0"]
[Round "1"]
1.e4 c5
2.Ng1f3 Nb8c6
3.Bf1c4 e6
4.Nb1c3 Ng8f6
5.d3 a6
6.Bc1g5 b5
7.Bc4b3 Bc8b7
8.O-O  { time }
1-0

[Event "Tourn. n8939"]
[Site "www.chess-mail.com"]
[Date "2016.11.20"]
[Round "1"]
[White "Ssharp"]
[Black "Amaya"]
[WhiteElo "2140"]
[BlackElo "2080"]
[Result "0-1"]
[Round "1"]
1.e4 c5
2.Ng1f3 Nb8c6
3.Nb1c3 a6
4.Bf1e2 b5
5.d3 d6
6.O-O Bc8g4
7.Bc1e3 e6
8.h3 Bg4h5
9.a4 b4
10.Nc3b1 Ng8e7
11.Nb1d2 Bh5xf3
12.Be2xf3 g6
13.c3 bxc3
14.bxc3 Bf8g7
15.Ra1c1 Nc6e5
16.Bf3e2 O-O
17.f4 Ne5c6
18.Be2f3 Qd8a5
19.Qd1c2 Ra8b8
20.Be3f2 Rf8c8
21.Bf2g3 Rb8b7
22.Nd2c4 Qa5d8
23.Kh2 d5
24.Nc4d2 Rc8b8
25.Rc1b1 d4
26.e5 Rb7c7
27.Rb1xb8 Qd8xb8
28.Rf1b1 Qb8a7
29.Bf3xc6 Ne7xc6
30.Nd2e4 dxc3
31.Qc2xc3 Nc6d4
32.Bg3f2 Nd4e2
33.Qc3d2 Ne2d4
34.Bf2xd4 cxd4
35.a5 Rc7b7
36.Qd2c1 Rb7c7
37.Qc1b2 Bg7h6
38.g3 Bh6f8
39.Ne4f6 Kh8
 { time }
0-1

[Event "Tourn. n8927"]
[Site "www.chess-mail.com"]
[Date "2016.11.20"]
[Round "1"]
[White "Conde7"]
[Black "Gearoidmac"]
[WhiteElo "2890"]
[BlackElo "2370"]
[Result "1-0"]
[Round "1"]
1.e4 e6
2.d4 d5
3.Nb1c3 Bf8b4
4.e5 c5
5.a3 Bb4xc3
6.bxc3 Ng8e7
7.Qd1g4 Qd8c7
8.Qg4xg7 Rh8g8
9.Qg7xh7 cxd4
10.Ng1e2 Nb8c6
11.f4 Bc8d7
12.Qh7h3 dxc3
13.Qh3xc3 Ne7f5
14.Ne2g3 d4
15.Qc3c4 O-O-O
16.Ng3e4 Kb8
17.g3 Bd7e8
18.Ra1b1 Nf5e3
19.Bc1xe3 dxe3
20.Ne4d6 Rd8xd6
21.exd6 Qc7xd6
22.Qc4d3 Qd6xd3
23.Bf1xd3 Nc6a5
24.h4  { time }
1-0

[Event "Tourn. n8974"]
[Site "www.chess-mail.com"]
[Date "2016.11.20"]
[Round "1"]
[White "Manuelito"]
[Black "Cal"]
[WhiteElo "1599"]
[BlackElo "1670"]
[Result "1-0"]
[Round "1"]
1.d4 d5
2.Ng1f3 h6
3.e3 Nb8c6
4.Bf1e2 a6
5.O-O Ng8f6
6.c4 dxc4
7.Be2xc4 e6
8.Nb1c3 Bf8b4
9.Qd1c2 Bb4xc3
10.Qc2xc3 Nf6e4
11.Qc3c2 Ne4f6
12.a3 Bc8d7
13.b4 b5
14.Bc4e2 Nc6e7
15.Nf3e5 O-O
16.Bc1b2 Ne7d5
17.Ra1c1 Ra8c8
18.Ne5xd7 Qd8xd7
19.Qc2c6 Qd7e7
20.h3 Nf6e4
21.Qc6xa6 Qe7d7
22.Be2xb5 Qd7e7
23.f3 Ne4d2
24.Rf1f2 Nd2b3
25.Rc1e1 Rc8b8
26.Bb5c4 Rb8b6
27.Qa6a4 Nb3d2
28.Rf2xd2 Qe7g5
29.Rd2f2 Nd5f6
30.e4 Qg5g3
31.Qa4b3 Nf6h5
32.d5 exd5
33.Bc4xd5 Nh5f4
34.Kf1 Rb6g6
35.Re1c1 Qg3h2
36.Ke1 Qh2g1
37.Rf2f1 Nf4xg2
38.Ke2 Ng2f4
39.Ke1 Nf4g2
40.Ke2 Ng2f4
41.Ke1 Qg1g3
42.Kd2 Rf8d8
43.Ke3 Qg3g5
44.Bd5xf7 Kh8
45.Bf7xg6 Nf4xg6
46.Kf2 Rd8d2
47.Ke1 Ng6h4
48.Bb2xg7 Kxg7
49.Rc1xc7 Kg6
50.Qb3e6 Qg5f6
51.Qe6xf6 Kxf6
52.Rc7c6 Kg5
53.Kxd2 h5
54.e5 Kf4
55.e6 Nh4g6
56.Kd3 Ng6e5
57.Kd4 Ne5xc6
58.Kd5 Nc6e7
59.Kd6 Ne7f5
60.Kd7 h4
61.e7 Nf5g7
62.e8Q Ng7xe8
63.Kxe8 Kg3
64.f4 Kxh3
65.f5 Kg2
66.Rf1c1 h3
67.f6 h2
68.f7 h1Q
69.Rc1xh1 Kxh1
70.f8Q { resign }
1-0

[Event "Tourn. n9006"]
[Site "www.chess-mail.com"]
[Date "2016.11.20"]
[Round "1"]
[White "Ditto"]
[Black "Geretree"]
[WhiteElo "1780"]
[BlackElo "1890"]
[Result "1-0"]
[Round "1"]
1.d4 d5
2.Ng1f3 Nb8c6
3.Bc1f4 Ng8f6
4.e3 Bc8g4
5.Bf1e2 e6
6.Be2b5 Qd8d7
7.O-O Nf6e4
8.c3 a6
9.Bb5a4 Bf8d6
10.Bf4xd6 Qd7xd6
11.Nb1d2 Ne4xd2
12.Qd1xd2 Bg4xf3
13.gxf3 O-O
14.Ba4c2 Nc6e7
15.Kh1 b5
16.Rf1g1 Ne7g6
17.f4 f5
18.Qd2e2 c5
19.Bc2d1 c4
20.Qe2d2 Qd6e7
21.Rg1g3 Ng6h4
22.Bd1e2 Rf8f6
23.Ra1g1 Rf6g6
24.Rg3xg6 Nh4xg6
25.Be2h5 Qe7f6
26.Rg1g5 e5
27.dxe5 Ng6xe5
28.Qd2xd5 { resign }
1-0

[Event "Tourn. n9041"]
[Site "www.chess-mail.com"]
[Date "2016.11.20"]
[Round "1"]
[White "Malbertan"]
[Black "Picifarkinca"]
[WhiteElo "2050"]
[BlackElo "2010"]
[Result "1-0"]
[Round "1"]
1.e4 c6
2.d4 d5
3.Nb1c3 dxe4
4.Nc3xe4 Nb8d7
5.Bf1c4 e6
6.Ng1f3 Ng8f6
7.Bc1g5 Bf8e7
8.Ne4xf6 Nd7xf6
9.Qd1d2 O-O
10.Bg5xf6 Be7xf6
11.c3 e5
12.O-O-O exd4
13.Nf3xd4 Bc8g4
14.Rd1e1 c5
15.Nd4f3 Qd8xd2
16.Kxd2 Ra8d8
17.Ke2 Rf8e8
18.Kf1 Kf8
19.Re1xe8 Kxe8
20.h3 { resign }
1-0

[Event "Tourn. n9049"]
[Site "www.chess-mail.com"]
[Date "2016.11.20"]
[Round "1"]
[White "Cal"]
[Black "Madz123456"]
[WhiteElo "1700"]
[BlackElo "1420"]
[Result "0-1"]
[Round "1"]
1.c4 e5
2.e4 Nb8c6
3.d3 Bf8c5
4.a3 d6
5.Nb1c3 Ng8f6
6.h3 O-O
7.Bc1g5 h6
8.Bg5h4 Nf6xe4
9.dxe4 Qd8xh4
10.Qd1f3 Nc6d4
11.Qf3d3 Nd4b3
12.g3 Qh4f6
13.Nc3d5 Qf6xf2
14.Kd1 Nb3xa1
15.Ng1e2 Bc8d7
16.Nd5xc7 Bd7a4
17.Kd2 Na1b3
18.Kd1 Nb3c1
19.Kd2 Nc1xd3
20.Kxd3 Qf2e3
{ resign }
0-1

[Event "Tourn. n9050"]
[Site "www.chess-mail.com"]
[Date "2016.11.20"]
[Round "1"]
[White "Llcervello"]
[Black "Mao"]
[WhiteElo "1640"]
[BlackElo "1860"]
[Result "0-1"]
[Round "1"]
1.e4 e5
2.Ng1f3 Nb8c6
3.c3 Ng8f6
4.Bf1c4 Nf6xe4
5.O-O d5
6.Bc4b5 Bf8d6
7.Bb5xc6 bxc6
8.Qd1a4 Bc8d7
9.b4 O-O
10.d3 Ne4f6
11.Bc1g5 h6
12.Bg5xf6 Qd8xf6
13.Nb1d2 Bd7f5
14.Qa4c2 c5
15.h3 c4
16.g4 Bf5xd3
17.Qc2d1 Bd3xf1
18.Nd2xf1 Rf8d8
19.Qd1xd5 Bd6xb4
20.Qd5xc4 Qf6xf3
21.Qc4xb4 Qf3xh3
22.Nf1h2 Rd8d2
23.Ra1e1 Qh3h4
24.Qb4c5 Ra8d8
25.Re1f1 Rd2d3
26.Qc5xe5 Rd3h3
27.Qe5f4 Rh3xc3
28.Rf1c1 Rc3xc1
29.Qf4xc1 Qh4e7
30.Nh2f3 Rd8d3
31.Kg2 Qe7e4
32.Qc1e3 Rd3xe3
33.fxe3 Qe4xg4
34.Kf2 Qg4a4
35.Nf3d4 Qa4xa2
36.Kf3 a5
37.Nd4b5 Qa2d5
{ resign }
0-1

[Event "Tourn. n8991"]
[Site "www.chess-mail.com"]
[Date "2016.11.20"]
[Round "1"]
[White "Xkafi"]
[Black "Bojan"]
[WhiteElo "1950"]
[BlackElo "1940"]
[Result "0-1"]
[Round "1"]
1.e4 d6
2.Bf1c4 e6
3.d4 Bc8d7
4.Ng1f3 b5
5.Bc4b3 Nb8c6
6.d5 Nc6a5
7.dxe6 fxe6
8.Nf3d4 Qd8f6
9.Nb1c3 a6
10.Qd1h5 g6
11.Qh5d1 e5
12.Nd4f3 Na5xb3
13.axb3 c6
14.h3 h6
15.Bc1e3 Bf8e7
16.Be3b6 Be7d8
17.Bb6e3 Bd8c7
18.Nf3h2 h5
19.Nh2f3 Ng8e7
20.Be3g5 Qf6g7
21.Nf3h4 O-O
22.Bg5xe7 Rf8f7
23.Be7g5 Qg7f8
24.Nh4xg6 Qf8g7
25.Qd1xh5 Bc7b6
26.f3 a5
27.b4 a4
28.Nc3e2 Bd7e6
29.Ra1a3 Rf7d7
30.Ne2g3 Be6f7
31.Ng3f5 Qg7xg6
32.Qh5h4 Bf7e6
33.Nf5e7 Rd7xe7
34.Bg5xe7 Qg6xg2
35.Qh4g5 Qg2xg5
36.Be7xg5 Ra8a7
37.f4 exf4
38.Bg5xf4 d5
39.Ra3g3 Kf7
40.Rh1f1 Ke8
41.e5 Ra7h7
42.Rf1h1 Rh7h4
43.Rg3f3 Be6f5
44.Rh1h2 Bb6g1
45.Rh2g2 Bf5e4
46.Rg2g8 Kf7
47.Rf3g3 Bg1b6
48.Bf4d2 Be4xc2
49.Rg8c8 Rh4e4
50.Kf1 Bc2b3
51.Rg3f3 Ke7
52.Bd2f4 Bb3c4
53.Kg2 Kd7
54.Rc8h8 Bc4e2
55.Rh8h7 Kc8
56.h4 Be2xf3
57.Kxf3 Bb6d4
58.Rh7h5 Bd4xb2
59.Kg4 a3
60.Rh5h8 Kc7
61.e6 Re4xf4
62.Kxf4 Bb2xh8
{ resign }
0-1